Quiz Année 2022 en rugby. - Statistiques

Statistiques générales
  • Ce quiz a été pris 552 fois
  • Le résultat moyen est 6 sur 10
Statistiques - réponses
Question Réponse % Correct
Quel club remporta la Coupe d'Europe pour la première fois de son histoire? Stade rochelais
96%
Quelle nation montante du rugby s'est illustrée en s'imposant d'abord face à l'Italie, puis face aux Gallois? Géorgie
86%
Quelle nation a remporté le Tournoi des Six Nations, une première depuis douze ans? France
84%
Quelle équipe remporta le Super Rugby 2022? Crusaders
63%
Deux franchises ont été introduites dans cette compétition, quels territoires représentent-elles? Les îles du Pacifique
63%
Quelle équipe l'emporta pour la première fois face aux All Blacks en Nouvelle-Zélande? Argentine
55%
Quel nation est devenue la deuxième à remporter une série de Test-matchs en Nouvelle-Zélande? Irlande
55%
Quel joueur a été désigné meilleur joueur de l'année 2022? Josh van der Flier (IRL)
45%
Quelle équipe atteignit la première place du classement World Rugby pour la première fois de son histoire? France
39%
Quelle nation a remporté le Rugby Championship 2022? Nouvelle-Zélande
36%
Aucun quiz correspondant
Distribution des résultats
% des personnes avec chaque résultat
Percentile par nombre de réponses
Votre historique - résultats
Vous n’avez pas pris ce quiz